| 000 | 00354nam a2200157Ia 4500 | ||
|---|---|---|---|
| 100 | _aMottershed/Allen | ||
| 650 | _aEDC | ||
| 942 | _cBK | ||
| 366 | _f20 | ||
| 654 | _adevices | ||
| 245 | _aElectronic devices and circuits | ||
| 260 |
_bPrentice -Hall of India _aNew Delhi _c2007 |
||
| 082 |
_a621.3815/MOT _bMOT |
||
| 300 | _a641 | ||
| 546 | _aENGLISH | ||
| 999 |
_c22840 _d22840 |
||